| 000 | 00544nam a2200181Ia 4500 | ||
|---|---|---|---|
| 999 |
_c1652 _d1652 |
||
| 003 | OSt | ||
| 005 | 20200925143303.0 | ||
| 008 | 190216s9999||||xx |||||||||||||| ||und|| | ||
| 020 | _a9788173714887 | ||
| 040 | _coclc | ||
| 082 |
_a571.538 _bJHA/P |
||
| 100 |
_aJha, Timir Baran _95024 |
||
| 245 | 0 |
_aPlant Tissue Culture Basic And Applied / _cTimir Baran Jha ; Biswajit Ghosh |
|
| 260 |
_bUniversities Press, _aHyderbad: _c2005. |
||
| 300 | _a206p | ||
| 650 | _aBotany | ||
| 942 |
_cBK _2ddc _h571.538 _iJHA/P _k571.538 _mJHA/P |
||